| 000 | 00870nam a22002417a 4500 | ||
|---|---|---|---|
| 005 | 20170725104400.0 | ||
| 010 | _aBAC-EN21 ENG-111904 | ||
| 020 |
_a9789350880340 _c225.00 |
||
| 035 | _aEN-95436 | ||
| 035 | _aB-580178-213 | ||
| 035 | _aB-667322 | ||
| 037 |
_adpl _bAakar/Ven |
||
| 037 | _aDBAD/PUB | ||
| 082 | _a394.26 | ||
| 100 | _aDas, P.K. | ||
| 245 |
_aHindu feasts and festivals / _cby P.K.Das |
||
| 260 |
_aNew Delhi _bMahaveer Publishers _c2013 |
||
| 270 |
_a4764/2A, 23-Ansari Road,Daryaganj _bNew Delhi _e110002 |
||
| 300 |
_a350p. : _bill. _c22cm(pbk) |
||
| 942 |
_2ddc _cEN _mDAS _h394.26 |
||
| 999 |
_c88961 _d88961 |
||